[Event "Centrocoop Sept op-A"]
[Site "Eforie Nord"]
[Date "1998.??.??"]
[Round "?"]
[White "Parligras, Mircea"]
[Black "Jianu, Vlad"]
[Result "1-0"]
[WhiteElo "2375"]
[BlackElo "2225"]

1.e4 c5 2.Nf3 d6 3.d4 cxd4 4.Nxd4 Nf6 5.Nc3 a6 6.Be3 b5 7.a4 b4 8.Nd5 Bb7
9.Nxf6+ gxf6 10.Bd3 e6 11.Qh5 Qc8 12.O-O Nc6 13.f4 Be7 14.Rae1 Qd7 15.Bc4 Nxd4
16.Bxd4 Rc8 17.Bb3 Bd8 18.Kh1 Bc6 19.a5 Ba4 20.Qh6 Bxb3 21.cxb3 Rc2 22.Qg7 Rf8
23.Qxh7 e5 24.fxe5 fxe5 25.Rf2 Qc6 26.Rxc2 Qxc2 27.Be3 Qxb2 28.Bh6 Qf2 29.Rc1 Qh4
30.h3 Qf6 31.Bxf8 Kxf8 32.Qf5 Qxf5 33.exf5 Bxa5 34.Rc6 d5 35.Rc5 Bb6 36.Rxd5 e4
37.g4 Kg7 38.Kg2 a5 39.Re5 e3 40.Kf3 Kf6 41.Rb5 Bd4 42.Rxa5 Kg5 43.Rb5 Bc3
44.Kxe3 Kh4 45.Rb7  1-0

[Event "Centrocoop Sept op-B"]
[Site "Eforie Nord"]
[Date "1998.??.??"]
[Round "?"]
[White "Voicu, Carmen"]
[Black "Costescu, Marina"]
[Result "1/2-1/2"]
[WhiteElo "2120"]
[BlackElo "2050"]

1.e4 c5 2.Nf3 d6 3.d4 cxd4 4.Nxd4 Nf6 5.Nc3 a6 6.Be3 Ng4 7.Bg5 h6 8.Bh4 g5
9.Bg3 Bg7 10.Qd2 Nc6 11.Nb3 Nge5 12.f3 b5 13.Bf2 Rb8 14.Nd4 Bd7 15.O-O-O b4
16.Nd5 e6 17.Ne3 Qf6 18.Nc4 Nxc4 19.Bxc4 O-O 20.Kb1 a5 21.Qc1 Ne5 22.Be2 Rfc8
23.Rhe1 a4 24.Ba6 Rc7 25.Ne2 b3 26.c3 Qe7 27.a3  1/2-1/2

[Event "Centrocoop Sept op-B"]
[Site "Eforie Nord"]
[Date "1998.??.??"]
[Round "?"]
[White "Voicu, Carmen"]
[Black "Istrati, Viorica"]
[Result "1-0"]
[WhiteElo "2120"]
[BlackElo "2145"]

1.e4 c5 2.Nf3 d6 3.d4 cxd4 4.Nxd4 Nf6 5.Nc3 a6 6.Be3 e5 7.Nb3 Be6 8.f3 b5
9.Qd2 Nbd7 10.g4 Nb6 11.g5 Nfd7 12.Nd5 Rc8 13.h4 Na4 14.c3 Ndb6 15.h5 Bxd5
16.exd5 Nc4 17.Bxc4 bxc4 18.Nc1 Qa5 19.b4 Qb5 20.Ne2 Be7 21.Ng3 Kd7 22.h6 g6
23.Ne4 Rhf8 24.O-O f5 25.gxf6 Bxf6 26.Rad1 Be7 27.Qg2 Rf5 28.Qg4 Kc7 29.Rd2 Nb6
30.Ng3 Rf7 31.Qe4 Rcf8 32.Kg2 Nd7 33.a4 Qb8 34.Qxc4+ Kd8 35.Qxa6 g5 36.Qd3 g4
37.fxg4 Rxf1 38.Nxf1 Nf6 39.Nh2 e4 40.Qd4 Rg8 41.g5 Nd7 42.Qxe4 Bxg5 43.Bxg5+ Rxg5+
44.Kf1 Qa7 45.Nf3 Rg6 46.Qxg6 hxg6 47.h7 Qe3 48.h8=Q+ Kc7 49.Rf2 Qd3+ 50.Kg2 Qxd5
51.Qd4 Qa8 52.Rd2 Qa6 53.b5  1-0

[Event "NRW-Liga I 9899"]
[Site "GER"]
[Date "1998.??.??"]
[Round "1"]
[White "Fleck, Juergen"]
[Black "Roeder, Mathias"]
[Result "0-1"]
[WhiteElo "2375"]
[BlackElo "2435"]

1.e4 c5 2.Nf3 d6 3.d4 cxd4 4.Nxd4 Nf6 5.Nc3 a6 6.Be3 e5 7.Nb3 Be6 8.f3 Be7
9.Qd2 O-O 10.O-O-O b5 11.Nd5 Bxd5 12.exd5 Qc7 13.g4 Rc8 14.Kb1 Nfd7 15.Qf2 b4
16.Bd3 a5 17.g5 a4 18.Qh4 g6 19.Nd2 a3 20.Qxb4 axb2 21.Qxb2 Na6 22.Bb5 Nac5
23.Ne4 Nxe4 24.fxe4 Nc5 25.Bxc5 Qxc5 26.h4 Rcb8 27.a4 Rxa4 28.Bxa4 Rxb2+
29.Kxb2 Qb4+ 30.Bb3 Qxe4 31.c4 Qe2+ 32.Ka3 Qe3 33.Rde1 Qc5+ 34.Kb2 Qf2+ 35.Ka3 Bd8
36.Rhf1 Qd2 37.c5 Qa5+ 38.Kb2 Qxc5 39.Re4 Kg7 40.Rc4 Qe3 41.Ka3 e4 42.Rc8 Qd2
43.Rc4 Bb6 44.Rxe4 Bc5+ 45.Ka4 Qd3  0-1

[Event "BL2-S9798"]
[Site "Germany"]
[Date "1998.??.??"]
[Round "?.1"]
[White "Gyimesi, Zoltan"]
[Black "Zeller, Frank"]
[Result "1-0"]
[WhiteElo "2525"]
[BlackElo "2440"]

1.e4 c5 2.Nf3 d6 3.d4 cxd4 4.Nxd4 Nf6 5.Nc3 a6 6.Be3 e6 7.g4 h6 8.f4 b5 9.Bg2 Bb7
10.a3 g6 11.h3 Nbd7 12.Nde2 Rc8 13.O-O Rc4 14.b3 Rc7 15.Qd2 Qa8 16.Ng3 h5
17.g5 h4 18.gxf6 hxg3 19.Bd4 Bh6 20.Rae1 O-O 21.Qd3 Rfc8 22.Nd1 Rxc2 23.Qxg3 e5
24.fxe5 dxe5 25.Be3 Bf8 26.Qh4 R8c6 27.Bg5 Qa7+ 28.Kh1 Rxg2 29.Kxg2 Rc2+
30.Rf2 Qc5 31.b4 Qc4 32.Rxc2 Qxc2+ 33.Nf2 Qc6 34.Rc1 Qb6 35.Rd1 Qc6 36.Bh6 Bxh6
37.Rxd7  1-0

[Event "BL2-S9798"]
[Site "Germany"]
[Date "1998.??.??"]
[Round "?.2"]
[White "Atlas, Valeri"]
[Black "Zuse, Klaus Peter"]
[Result "0-1"]
[WhiteElo "2455"]
[BlackElo "2345"]

1.e4 c5 2.Nf3 d6 3.d4 cxd4 4.Nxd4 Nf6 5.Nc3 a6 6.Be3 e5 7.Nf3 Qc7 8.a4 b6
9.Be2 Be7 10.O-O O-O 11.Ne1 Be6 12.Nd5 Nxd5 13.exd5 Bf5 14.a5 b5 15.Qd2 Nd7
16.f4 exf4 17.Rxf4 Bg6 18.h4 Bf6 19.h5 Bxb2 20.Bd4 Bxa1 21.Bxa1 Ne5 22.hxg6 fxg6
23.Rxf8+ Rxf8 24.Nf3 Qc5+ 25.Bd4 Qxd5 26.Bxe5 Qxd2 27.Nxd2 dxe5 28.c4 bxc4
29.Bxc4+ Kh8 30.Ne4 Rd8 31.Ng5 Rd1+ 32.Kf2 h5 33.Nf7+ Kh7 34.Ng5+ Kh6 35.Nf7+ Kh7
36.Nxe5 Ra1 37.Nc6 Rc1 38.Bd5 g5 39.Be4+ g6 40.Ke3 g4 41.g3 Kg7 42.Nd4 Kf6
43.Bd3 Rc5 44.Nb3 Rc3 45.Nd2 Ra3 46.Ne4+ Ke5 47.Nc5 Rxa5 48.Nxa6 g5 49.Nb4 Ra1
50.Be2 Ra3+ 51.Nd3+ Kf5 52.Kf2 h4 53.gxh4 gxh4 54.Bf1 Ra2+ 55.Kg1 h3 56.Nc1 h2+
57.Kh1 Ra1 58.Kxh2 Rxc1 59.Bg2 Kf4 60.Bb7 Rc2+ 61.Bg2 Rb2  0-1

[Event "Oberliga Nord W9798"]
[Site "Germany"]
[Date "1998.??.??"]
[Round "?"]
[White "Oppitz, Peter"]
[Black "Juhnke, Karl"]
[Result "0-1"]
[WhiteElo "2205"]
[BlackElo "2295"]

1.e4 c5 2.Nf3 d6 3.d4 cxd4 4.Nxd4 Nf6 5.Nc3 a6 6.Be3 e5 7.Nb3 Qc7 8.f3 Be6
9.Qd2 Nbd7 10.g4 h6 11.O-O-O b5 12.h4 b4 13.Nd5 Bxd5 14.exd5 Nb6 15.Bxb6 Qxb6
16.Qe2 Be7 17.Kb1 Ra7 18.Rh3 a5 19.f4 exf4 20.g5 Nd7 21.Qe4 hxg5 22.hxg5 Rxh3
23.Bxh3 Qe3 24.Qh1 Ne5 25.Nd4 f3 26.Nf5 Qxg5 27.Rg1 Qd2 28.Rd1 Qe2 29.Nxg7+ Kd8
30.Bf5 Kc7 31.Re1 Qd2 32.Rd1 Qe2 33.Re1 Qf2 34.Be4 Ra8 35.Nf5 Bf6 36.Rf1 Rh8
37.Qg1 Qxg1 38.Rxg1 f2 39.Rf1 Nc4 40.Rxf2 Re8 41.c3 Rxe4 42.cxb4 axb4 43.Ng3 Re1+
44.Kc2 Be5 45.Rxf7+ Kb6 46.Nf5 Nxb2 47.Kb3 Nd3 48.Kc4 Nc5 49.Kxb4 Re4+  0-1

[Event "Oberliga Nord W9798"]
[Site "Germany"]
[Date "1998.??.??"]
[Round "?"]
[White "Oppitz, Peter"]
[Black "Kiese, Matthias"]
[Result "1-0"]
[WhiteElo "2205"]
[BlackElo "2175"]

1.e4 c5 2.Nf3 d6 3.d4 cxd4 4.Nxd4 Nf6 5.Nc3 a6 6.Be3 e5 7.Nb3 Be6 8.Qd2 Nbd7
9.f3 b5 10.a4 b4 11.Nd5 Bxd5 12.exd5 Nb6 13.Bxb6 Qxb6 14.a5 Qb7 15.Bc4 Be7
16.Nc1 Bd8 17.Ra4 Rb8 18.b3 Nd7 19.Nd3 O-O 20.Ke2 e4 21.fxe4 Re8 22.Rxb4 Qc8
23.Rxb8 Nxb8 24.Re1 Qg4+ 25.Kf1 Rxe4 26.Nf2 Rxe1+ 27.Qxe1 Qd7 28.Qb4 Qc7
29.g3 g6 30.Ne4 f5 31.Qxd6 Qxd6 32.Nxd6 Bxa5 33.Nc8 Kf8 34.Ke2 Ke8 35.Nd6+ Ke7
36.Nb7 Bb4 37.Kd3 Kd7 38.c3 Bf8 39.b4 Kc7 40.Na5 Kb6 41.Bb3 Nd7 42.Nc6 Nf6
43.Ne5 Kc7 44.Bc4 Nxd5 45.Bxd5 Kd6 46.Nxg6 hxg6 47.Bb7 a5 48.bxa5 Kc7 49.Bd5 Bc5
50.Ke2 Kd6 51.Bf7 g5 52.h3 Ke5 53.Kf3 Kf6 54.Be8 Ba7 55.a6 Ke5 56.Bh5 Bb6
57.h4 g4+ 58.Bxg4 fxg4+ 59.Kxg4 Kf6 60.Kf3 Kf5 61.g4+ Ke5 62.h5  1-0

[Event "BL2-N9798"]
[Site "Germany"]
[Date "1998.??.??"]
[Round "5.1"]
[White "Joecks, Christian"]
[Black "Lagunow, Alexander"]
[Result "1-0"]
[WhiteElo "2415"]
[BlackElo "2450"]

1.e4 c5 2.Nf3 d6 3.d4 cxd4 4.Nxd4 Nf6 5.Nc3 a6 6.Be3 e5 7.Nf3 Qc7 8.a4 b6
9.Be2 Be7 10.O-O O-O 11.Bg5 Nbd7 12.Re1 h6 13.Bh4 Bb7 14.Nd2 Rfe8 15.Bxf6 Nxf6
16.Bc4 Bc6 17.Qe2 Qb7 18.Rad1 Bf8 19.Bb3 b5 20.axb5 axb5 21.Nf1 Rec8 22.Nd5 Bxd5
23.Bxd5 Nxd5 24.Rxd5 Rc5 25.Ne3 Ra4 26.Qd3 Qa7 27.h3 g6 28.b3 Rxd5 29.Nxd5 Ra1
30.Rxa1 Qxa1+ 31.Qf1 Qb2 32.Qd3 h5 33.h4 Bh6 34.g3 Kg7 35.Kg2 Bc1 36.Nc7 b4
37.Ne8+ Kf8 38.Nxd6 Qb1 39.Qd5 Ke7 40.Qxe5+ Kd7 41.Nxf7 Qxc2 42.Qd5+  1-0

[Event "Perenyi mem 2nd"]
[Site "Gyula"]
[Date "1998.??.??"]
[Round "8"]
[White "Varga, Zoltan"]
[Black "Ruck, Robert"]
[Result "1/2-1/2"]
[WhiteElo "2520"]
[BlackElo "2450"]

1.e4 c5 2.Nf3 d6 3.d4 cxd4 4.Nxd4 Nf6 5.Nc3 a6 6.Be3 Ng4 7.Bg5 h6 8.Bh4 g5
9.Bg3 Bg7 10.Be2 h5 11.Bxg4 Bxg4 12.f3 Bd7 13.Qd2  1/2-1/2

[Event "Haarlem AKN op"]
[Site "Haarlem"]
[Date "1998.??.??"]
[Round "3"]
[White "Gofshtein, Leonid D"]
[Black "Bertholee, Rob"]
[Result "1-0"]
[WhiteElo "2520"]
[BlackElo "2340"]

1.e4 c5 2.Nf3 d6 3.d4 cxd4 4.Nxd4 Nf6 5.Nc3 a6 6.Be3 Qc7 7.Qd2 e6 8.f3 b5
9.g4 Bb7 10.g5 Nfd7 11.O-O-O b4 12.Nce2 d5 13.exd5 Bxd5 14.Nf4 Bxa2 15.b3 Qa5
16.Qe2 Be7 17.Bh3 O-O 18.Ndxe6 Bxb3 19.cxb3 Qa1+ 20.Kc2 Qa2+ 21.Kd3 Qxb3+
22.Ke4 f5+ 23.Bxf5 Bxg5 24.Nd5 Bxe3 25.Qxe3 Qc4+ 26.Rd4 Qc2+ 27.Qd3 Nc5+
28.Nxc5 Qxc5 29.Qc4  1-0

[Event "Capablanca mem Masters I"]
[Site "Havana"]
[Date "1998.??.??"]
[Round "3"]
[White "Baron Rodriguez, Jesus"]
[Black "Dominguez Perez, Lenier"]
[Result "0-1"]
[WhiteElo "2350"]
[BlackElo "2215"]

1.e4 c5 2.Nf3 d6 3.d4 cxd4 4.Nxd4 Nf6 5.Nc3 a6 6.Be3 e5 7.Nf3 Be7 8.a4 h6
9.a5 Be6 10.Be2 Nbd7 11.O-O Rc8 12.Ne1 Rxc3 13.bxc3 Nxe4 14.Bf3 Nxc3 15.Qd3 Qc8
16.Bxb7 Qxb7 17.Qxc3 d5 18.Bc1 Bf6 19.Ra4 O-O 20.Rb4 Qa8 21.Qg3 Nc5 22.f4 Ne4
23.Qf3 Be7 24.Rb3 d4 25.Rb6 Bc5 26.Nd3 Bxb6 27.axb6 Bd5 28.fxe5 Nd2 29.Qg4 Be6
30.Qxd4 Nxf1 31.Kxf1 Qc8 32.Qc5 Qb7 33.Ba3 Rc8 34.Qf2 Bc4 35.Qd4 Bxd3+ 36.cxd3 Rc2
37.Qg1 Qd5  0-1

[Event "Helsinki op1"]
[Site "Helsinki"]
[Date "1998.??.??"]
[Round "5"]
[White "Tiitta, Sauli"]
[Black "Paasikangas, Johanna"]
[Result "1-0"]
[WhiteElo "2205"]
[BlackElo "2285"]

1.e4 c5 2.Nf3 d6 3.d4 cxd4 4.Nxd4 Nf6 5.Nc3 a6 6.Be3 Ng4 7.Bg5 h6 8.Bh4 g5
9.Bg3 Bg7 10.Be2 Nf6 11.O-O h5 12.e5 h4 13.exf6 Bxf6 14.Ne4 Bg7 15.Nxg5 hxg3
16.hxg3 Qa5 17.Ndf3 Bf6 18.Ne4 Bxb2 19.Rb1 Bg7 20.Re1 Rh6 21.Nh4 Nd7 22.Bg4 Kf8
23.Nf5 Rg6 24.Nxe7 Kxe7 25.Nxd6+ Ne5 26.Nxc8+ Kf8 27.Bf5 Rc6 28.Nd6 Nc4 29.Nxc4 Qxf5
30.Nd6 Qf6 31.Nxb7 Rac8 32.Na5 Rc5 33.Qd2 Kg8 34.c4 Rd8 35.Qb4 Rf5 36.Nb7 Bf8
37.Qb6 Qxb6 38.Rxb6 Rd2 39.Rf1 Rxa2 40.Rbb1 Bg7 41.Nd6 Rc5 42.Rb8+ Kh7 43.Rb7 Re5
44.Nxf7 Ree2 45.Ng5+ Kh6 46.Nf3 a5 47.c5 Rec2 48.Rb6+  1-0

[Event "HUN-chT29899"]
[Site "HUN"]
[Date "1998.??.??"]
[Round "?"]
[White "Kun, Sandor"]
[Black "Csernovics, Gabor"]
[Result "1-0"]
[WhiteElo "2200"]
[BlackElo "2160"]

1.e4 c5 2.d4 cxd4 3.Nf3 d6 4.Nxd4 Nf6 5.Nc3 a6 6.Be3 b5 7.a4 b4 8.Nd5 Bb7
9.Nxf6+ gxf6 10.Bd3 Nd7 11.Qh5 Ne5 12.O-O Qd7 13.f4 Nc6 14.Bc4 Nxd4 15.Qxf7+ Kd8
16.Bxd4 Bxe4 17.Bb6+  1-0

[Event "HUN-chT2 9798"]
[Site "HUN"]
[Date "1998.??.??"]
[Round "?"]
[White "Szabo, Zsolt Jozsef"]
[Black "Barczay, Laszlo"]
[Result "0-1"]
[WhiteElo "2355"]
[BlackElo "2385"]

1.e4 c5 2.Nf3 d6 3.d4 cxd4 4.Nxd4 Nf6 5.Nc3 a6 6.Be3 e6 7.Be2 Qc7 8.a4 b6
9.f4 Bb7 10.Bf3 Nbd7 11.O-O Rc8 12.Qe2 Be7 13.g4 Nc5 14.Bf2 e5 15.Nf5 Ne6
16.fxe5 dxe5 17.g5 Nxg5 18.Nxg7+ Kf8 19.Nf5 Rg8 20.Bg3 Bb4 21.Bg2 Bxc3 22.bxc3 Nfxe4
23.Rad1 Qc5+ 24.Kh1 Nxc3 25.Qh5 Bxg2+ 26.Kxg2 Qc6+ 27.Kg1 Nxd1 28.Rxd1 Nf3+
29.Kf1 Nxh2+ 30.Bxh2 Qh1+ 31.Ke2 Rg2+  0-1

[Event "HUN-chT9899"]
[Site "HUN"]
[Date "1998.??.??"]
[Round "?"]
[White "Medvegy, Zoltan"]
[Black "Krutti, Valer"]
[Result "1-0"]
[WhiteElo "2370"]
[BlackElo "2360"]

1.e4 c5 2.Nf3 d6 3.d4 cxd4 4.Nxd4 Nf6 5.Nc3 a6 6.Be3 Ng4 7.Bg5 h6 8.Bh4 g5
9.Bg3 Bg7 10.Be2 h5 11.Bxg4 Bxg4 12.f3 Bd7 13.Qd2 g4 14.Bf2 b5 15.O-O-O Nc6
16.Nxc6 Bxc6 17.Bd4 Bh6 18.Be3 Bg7 19.Bd4 Bh6 20.f4 Rg8 21.Nd5 Bxd5 22.exd5 Rc8
23.Kb1 Qd7 24.Qd3 f5 25.h3 h4 26.Rde1 Bxf4 27.Rhf1 Bg3 28.Re6 Rc4 29.Qxf5 Kd8
30.Qh7 Re8 31.Bb6+ Kc8 32.Rf7 gxh3 33.gxh3 Rf4 34.Rxf4 Bxf4 35.Qxh4 Be5 36.Qg4 Rf8
37.a3 Kb8 38.Bd4 Bxd4 39.Qxd4 Kb7 40.Qg7 Re8 41.h4 Qc7 42.h5 Kc8 43.Qf7 Kd8
44.h6 Qc4 45.h7 Qh4 46.Rg6  1-0

[Event "HUN-chT 9798"]
[Site "Hungary"]
[Date "1998.??.??"]
[Round "?"]
[White "Szalanczy, Emil"]
[Black "Kocsis, Laszlo"]
[Result "1/2-1/2"]
[WhiteElo "2410"]
[BlackElo "2130"]

1.e4 c5 2.Ne2 d6 3.Nbc3 Nf6 4.d4 cxd4 5.Nxd4 a6 6.Be3 e6 7.g4 e5 8.Nf5 g6
9.Bg2 d5 10.Bg5 gxf5 11.Bxf6 Qxf6 12.Nxd5 Qd6 13.exf5 Rg8 14.Qf3 h5 15.h3 Bh6
16.Rd1 Nc6 17.c3 Rb8 18.Qe4 Kf8 19.Bf3 Ne7 20.Ne3 Qf6 21.Nc4 Nc6 22.Ke2 Bf4
23.Rd6 Qe7 24.Rhd1 Qc7 25.b3 Kg7 26.R1d5 f6 27.Ne3 Rd8 28.Rxd8 Nxd8 29.Rd3 Nf7
30.Nd5 Qc5 31.Nxf4 exf4 32.Qxf4 Qe5+ 33.Qe3 b6 34.Bd5 hxg4 35.hxg4 Qxe3+
36.Rxe3 Bb7 37.Bxb7 Rxb7 38.Re6 Nd8 39.Rd6 Nf7 40.Re6 Ng5 41.Re3 Rc7  1/2-1/2

[Event "HUN-chT 9798"]
[Site "Hungary"]
[Date "1998.??.??"]
[Round "?"]
[White "Karolyi, Tibor Jr"]
[Black "Vegh, Endre"]
[Result "1/2-1/2"]
[WhiteElo "2390"]
[BlackElo "2330"]

1.e4 c5 2.Nf3 d6 3.d4 cxd4 4.Nxd4 Nf6 5.Nc3 a6 6.Be3 Ng4 7.Bg5 h6 8.Bh4 g5
9.Bg3 Bg7 10.Qd2 Nc6 11.Nb3 b5 12.a4 b4 13.Nd1 Be6 14.f3 Nge5 15.Ne3  1/2-1/2

[Event "HUN-chT 9798"]
[Site "Hungary"]
[Date "1998.??.??"]
[Round "?"]
[White "Turzo, Attila"]
[Black "Tamas, Norbert"]
[Result "0-1"]
[WhiteElo "2370"]
[BlackElo "2150"]

1.e4 c5 2.Nf3 d6 3.d4 cxd4 4.Nxd4 Nf6 5.Nc3 a6 6.Be3 Ng4 7.Bg5 h6 8.Bh4 g5
9.Bg3 Bg7 10.Bc4 Ne5 11.Bb3 Bd7 12.f3 Nbc6 13.Nxc6 Nxc6 14.Bf2 Qa5 15.Qd2 Be5
16.O-O h5 17.Rad1 h4 18.Nd5 Qxd2 19.Rxd2 Rc8 20.Nb6 Rc7 21.Nxd7 Rxd7 22.c3 Bf4
23.Re2 Rd8 24.g3 Be5 25.Bb6 hxg3 26.hxg3 Rc8 27.f4 gxf4 28.gxf4 Bf6 29.Rf3 e6
30.Rh2 Ke7 31.Rxh8 Rxh8 32.Bc4 Nb8 33.Bf1 Nd7 34.Bf2 Rc8 35.Bg3 Nc5 36.Re3 Na4
37.Re2 Rc5 38.Rd2 Rc8 39.Be2 Rg8 40.Kf2 Bg7 41.Bh4+ f6 42.f5 Bh6 43.Rd4 b5
44.fxe6 Nxb2 45.Bg3 Be3+ 46.Kxe3 Rxg3+ 47.Kf4 Rxc3 48.Rd2 Nc4 49.Bxc4 Rxc4
50.Rh2 Kxe6 51.Ke3 d5 52.exd5+ Kxd5 53.Rh5+ Ke6 54.Kd3 Ra4 55.Rh2 Ke5 56.Kc3 f5
57.Kb3 Ke4 58.Re2+ Kd3 59.Re6 f4 60.Rf6 Ke3  0-1

[Event "Karvina op"]
[Site "Karvina"]
[Date "1998.??.??"]
[Round "?"]
[White "Pisk, Petr"]
[Black "Shtyrenkov, Veniamen"]
[Result "1/2-1/2"]
[WhiteElo "2310"]
[BlackElo "2460"]

1.e4 c5 2.Nf3 d6 3.d4 cxd4 4.Nxd4 Nf6 5.Nc3 a6 6.Be3 Ng4 7.Bc1 Nf6 8.Be3 e5
9.Nb3 Be6 10.Qd2 Nbd7 11.f3 Be7 12.O-O-O O-O 13.g4 b5 14.h4 b4 15.Na4 a5
16.g5 Nh5 17.Bb5 Rb8 18.c4 Qc7 19.Kb1 f5 20.gxf6 Ndxf6 21.Qd3 Nd7 22.Bg5 Nf4
23.Qd2 Bxg5 24.hxg5 Nb6 25.Qxd6 Qxd6 26.Rxd6 Bxc4 27.Nxb6 Bxb5 28.Nxa5 Ng6
29.Nd7 Rbd8 30.Rhd1 Rxd7 31.Rxd7 Bxd7 32.Rxd7 Rxf3 33.Nc6 Rg3 34.Rd8+ Kf7
35.Rd7+ Kg8 36.Rd8+ Kf7  1/2-1/2

[Event "Kassel op"]
[Site "Kassel"]
[Date "1998.??.??"]
[Round "6"]
[White "Neumann, M."]
[Black "Rechel, Bernd"]
[Result "0-1"]
[WhiteElo "2195"]
[BlackElo "2395"]

1.e4 c5 2.Nf3 d6 3.d4 cxd4 4.Nxd4 Nf6 5.Nc3 a6 6.Be3 e5 7.Nb3 Be6 8.f3 Nbd7
9.g4 h6 10.Qd2 Be7 11.h4 b5 12.Rg1 b4 13.Na4 d5 14.g5 d4 15.Bxd4 hxg5 16.hxg5 Ng4
17.Be3 Rh2 18.Be2 Nxe3 19.Qxe3 Qc7 20.O-O-O Rc8 21.Rd2 Qc6 22.Bb5 axb5 23.Rxh2 bxa4
24.Nd4 exd4 25.Qd3 b3 26.axb3 axb3 27.f4 Qa4  0-1

[Event "Kishinev (Women)"]
[Site "Kishinev"]
[Date "1998.??.??"]
[Round "6"]
[White "Madl, Ildiko"]
[Black "Peptan, Corina"]
[Result "0-1"]
[WhiteElo "2380"]
[BlackElo "2410"]

1.e4 c5 2.Nf3 d6 3.d4 cxd4 4.Nxd4 Nf6 5.Nc3 a6 6.Be3 e6 7.g4 b5 8.g5 Nfd7
9.Bg2 Bb7 10.f4 Be7 11.O-O O-O 12.Qh5 g6 13.Qh6 Re8 14.f5 Bf8 15.Qh3 exf5
16.exf5 Bxg2 17.Kxg2 Ne5 18.Nd5 Nbd7 19.Rae1 Rc8 20.fxg6 hxg6 21.Nf6+ Nxf6
22.gxf6 Qd7 23.Qxd7 Nxd7 24.c3 Re4 25.Nc2 Ne5 26.Nb4 a5 27.Nd5 Nd3 28.Re2 Re5
29.Ne7+ Bxe7 30.fxe7 Rxe7 31.Kf3 Rce8 32.Rd1 Ne5+  0-1

[Event "Korinthos op"]
[Site "Korinthos"]
[Date "1998.??.??"]
[Round "9"]
[White "Dgebuadze, Alexandre"]
[Black "Paunovic, Tomislav"]
[Result "1-0"]
[WhiteElo "2470"]
[BlackElo "2355"]

1.e4 c5 2.Nf3 d6 3.d4 cxd4 4.Nxd4 Nf6 5.Nc3 a6 6.Be3 e5 7.Nf3 Be7 8.Bc4 Be6
9.Bb3 b5 10.O-O O-O 11.Re1 h6 12.a4 b4 13.Nd5 Bxd5 14.Bxd5 Nxd5 15.Qxd5 Nd7
16.Bd2 Rb8 17.c4 bxc3 18.Bxc3 Qb6 19.Nd2 Nf6 20.Qd3 Rfc8 21.Nc4 Qc6 22.Ne3 g6
23.f3 Bf8 24.Red1 h5 25.Kh1 Rb7 26.h3 Rd7 27.Be1 Be7 28.b4 Rb7 29.Ra2 Rbb8
30.Bh4 Kg7 31.Bxf6+ Bxf6 32.Nd5 Bg5 33.g3 h4 34.g4 Qc4 35.Qxc4 Rxc4 36.Rb2 Bc1
37.Rb1 Ba3 38.a5 Rb5 39.Rd3 Bc1 40.Rc3 Rxd5 41.Rxc4 Rd1+ 42.Kg2 Rd2+ 43.Kf1 Bb2
44.Re1 Bd4 45.Re2 Rd1+ 46.Kg2 Rg1+ 47.Kh2 Rb1 48.Ra2 Kf6 49.Rc6 Kg5 50.Rxa6 Kf4
51.Rxd6 Kxf3 52.Rf6+ Kxe4 53.a6 Rxb4 54.a7  1-0

[Event "MK Cafe Cup-B"]
[Site "Koszalin"]
[Date "1998.??.??"]
[Round "4"]
[White "Stoklosa, Seweryn"]
[Black "Jakubowski, Tomasz"]
[Result "1/2-1/2"]
[WhiteElo "2065"]
[BlackElo "2220"]

1.e4 c5 2.Nf3 d6 3.d4 cxd4 4.Nxd4 Nf6 5.Nc3 a6 6.Be3 e5 7.Nf3 h6 8.Bc4 Nbd7
9.O-O Be7 10.Qe2 Nb6 11.Bb3 Bd7 12.Rfd1 Qc7 13.a4 Rc8 14.Nd2 Bc6 15.Qf3 O-O
16.a5 Nbd7 17.Qg3 Kh8 18.f3 Nh7 19.Nd5 Bxd5 20.Bxd5 Bg5 21.Bxg5 Nxg5 22.Nc4 Nh7
23.b3 Nhf6 24.Qf2 Nc5 25.Rd2 Rcd8 26.Rad1 Kh7 27.Nb6 Nfd7 28.b4 Ne6 29.Bxe6 fxe6
30.Rxd6 Nxb6 31.Qxb6 Rxd6 32.Qxc7 Rxd1+ 33.Kf2 Rd2+ 34.Ke3 Rxg2 35.Qxb7 Rxc2
36.Kd3 Rxh2 37.Qxa6 Rxf3+ 38.Kc4 h5 39.Qxe6 h4 40.Qxe5 Rc2+ 41.Kb5 Rf6 42.Qh5+ Rh6
43.Qf5+ Kh8 44.Qh3 Rcc6 45.Ka4 Rce6 46.Qh1 h3 47.b5 Rh4 48.b6 Rexe4+ 49.Kb5 Rh5+
50.Kc6 Rh6+ 51.Kc7 Rc4+ 52.Kb7 h2 53.a6 Rb4 54.Kc7 Rbxb6 55.a7 Rbc6+ 56.Kd7  1/2-1/2

[Event "RUS-ch sf"]
[Site "Krasnodar"]
[Date "1998.??.??"]
[Round "?"]
[White "Beshukov, Sergei"]
[Black "Maiorov, Oleg"]
[Result "1/2-1/2"]
[WhiteElo "2405"]
[BlackElo "2405"]

1.e4 c5 2.Nf3 d6 3.d4 cxd4 4.Nxd4 Nf6 5.Nc3 a6 6.Be3 e6 7.a4 Be7 8.Be2 O-O
9.O-O b6 10.f4 Bb7 11.Bd3  1/2-1/2

[Event "Krasnodar2"]
[Site "Krasnodar"]
[Date "1998.??.??"]
[Round "6"]
[White "Shovunov, Baatr"]
[Black "Zagrebelny, Sergey"]
[Result "1/2-1/2"]
[WhiteElo "2475"]
[BlackElo "2485"]

1.e4 c5 2.Nf3 d6 3.d4 cxd4 4.Nxd4 Nf6 5.Nc3 a6 6.Be3 e5 7.Nb3 Be6 8.f3 Be7
9.Qd2 O-O 10.O-O-O b5 11.g4 Nbd7 12.g5 b4 13.Ne2 Ne8 14.h4 a5 15.Kb1 Nc7
16.f4 a4 17.Nbc1 exf4 18.Nxf4 Qb8 19.Nd5 Bxd5 20.exd5 Ra5 21.Bg2 Ne5 22.Bd4 Rd8
23.Nd3 Nxd5 24.Bxd5 Rxd5 25.Nxb4 Rb5 26.a3 d5 27.Bxe5 Bxb4 28.Bxb8 Bxd2 29.Rxd2 Rdxb8
30.c3 f6 31.gxf6 gxf6 32.Rf1 Kf7 33.Rf4 Ra8 34.Rdd4 Rab8 35.Rd2 Ra8 36.Rf5 Rd8
37.Rd4 Rdb8 38.Rd2 Rd8 39.Rdf2 Rb6 40.R5f4 Ra8 41.Kc1 Re6 42.Rf5 Ra5 43.R2f4 Rb6
44.c4 Rc6 45.Kb1 Rd6 46.cxd5 Raxd5 47.Rxd5 Rxd5 48.Rxa4 f5 49.Kc2 Kf6 50.Ra6+ Ke5
51.Ra7 f4 52.Rxh7 Ke4 53.Re7+ Kf3 54.b4 Kg3 55.a4 f3 56.Rg7+ Kxh4 57.Rf7 Kg3
58.Kc3 f2 59.b5 Rd1 60.b6 f1=Q 61.Rxf1 Rxf1 62.a5 Rb1 63.Kc4 Kf4 64.Kd5 Kf5
65.Kc6 Ra1 66.b7 Rxa5 67.b8=Q Re5 68.Kd6 Re6+ 69.Kd5 Rf6 70.Qe8 Kg5 71.Qe7 Kg6
72.Ke5  1/2-1/2

[Event "POR-ch playoff (Women)"]
[Site "Lisbon"]
[Date "1998.??.??"]
[Round "4"]
[White "Carvalho, Alda"]
[Black "Saraiva, Tania"]
[Result "1-0"]
[WhiteElo "2110"]
[BlackElo "2070"]

1.e4 c5 2.Nf3 d6 3.d4 cxd4 4.Nxd4 Nf6 5.Nc3 a6 6.Be3 Qc7 7.Be2 Nbd7 8.f4 e6
9.O-O b5 10.Bf3 Bb7 11.a3 Nc5 12.e5 dxe5 13.fxe5 Qxe5 14.Bf4 Bxf3 15.Rxf3 Qh5
16.Qe2 Nd5 17.Nxd5 Qxd5 18.Rd1 Rd8 19.b4 Nb7 20.Re3 Be7 21.Rdd3 Qa2 22.Qh5 g6
23.Qe5 Rg8 24.Nxb5 Rxd3 25.Nc7+ Kd7 26.Rxd3+ Kc8 27.Rc3 Bd6 28.Nb5+  1-0

[Event "Ljubljana op"]
[Site "Ljubljana"]
[Date "1998.??.??"]
[Round "3"]
[White "Furlan, Miha"]
[Black "Palac, Mladen"]
[Result "0-1"]
[WhiteElo "2330"]
[BlackElo "2545"]

1.e4 c5 2.Nf3 d6 3.d4 cxd4 4.Nxd4 Nf6 5.Nc3 a6 6.Be3 e6 7.g3 b5 8.Bg2 Bb7
9.a3 Nbd7 10.O-O Qc7 11.Re1 Be7 12.f4 O-O 13.g4 Nc5 14.Bf2 Rfe8 15.g5 Nfd7
16.h4 Nb6 17.Qg4 Bf8 18.Nde2 g6 19.Ng3 Ncd7 20.Re2 Bg7 21.Nd1 Nc4 22.Rb1 a5
23.Kh2 f5 24.gxf6 Nxf6 25.Qg5  0-1

[Event "Miercurea Ciuc op"]
[Site "Miercurea Ciuc"]
[Date "1998.??.??"]
[Round "2"]
[White "Moldovan, Daniel"]
[Black "Nutiu, Mihail"]
[Result "1/2-1/2"]
[WhiteElo "2420"]
[BlackElo "2085"]

1.e4 c5 2.Nf3 d6 3.d4 cxd4 4.Nxd4 Nf6 5.Nc3 a6 6.Be3 Ng4 7.Bg5 h6 8.Bh4 g5
9.Bg3 Bg7 10.Bc4 Nc6 11.Nxc6 bxc6 12.O-O h5 13.Qf3 Rf8 14.h3 Ne5 15.Bxe5 g4
16.Qe3 Bxe5 17.h4 Rb8 18.Bb3 Qb6 19.Qxb6 Rxb6 20.Ne2  1/2-1/2

[Event "Miskolc Avas op"]
[Site "Miskolc"]
[Date "1998.??.??"]
[Round "9"]
[White "Blasko, Istvan"]
[Black "Varadi, Viktor"]
[Result "0-1"]
[WhiteElo "2085"]
[BlackElo "2150"]

1.e4 c5 2.Nf3 d6 3.d4 cxd4 4.Nxd4 Nf6 5.Nc3 a6 6.Be3 e6 7.f3 b5 8.Bd3 Nbd7
9.Qd2 Qc7 10.g4 h6 11.O-O-O b4 12.Na4 d5 13.exd5 Nxd5 14.Be4 Bb7 15.h4 Qa5
16.Bxd5 Bxd5 17.b3 Nc5 18.Nxc5 Bxc5 19.Kb1 h5 20.gxh5 Rxh5 21.Rhg1 g6 22.Bg5 Qc7
23.Qe2 Kf8 24.Rge1 a5 25.Bf6 a4 26.Be5 Qa5 27.Qh2 axb3 28.cxb3 Qa6 29.Rd2 Be7
30.Bg3 Bf6 31.Qf2 Rc8 32.Ne2 Rf5 33.f4 Be4+  0-1

[Event "Goldberg mem"]
[Site "Moscow"]
[Date "1998.??.??"]
[Round "12"]
[White "Korotylev, Alexey"]
[Black "Vorobiov, Evgeny E"]
[Result "0-1"]
[WhiteElo "2470"]
[BlackElo "2475"]

1.e4 c5 2.Nf3 d6 3.d4 cxd4 4.Nxd4 Nf6 5.Nc3 a6 6.Be3 e6 7.f3 b5 8.Qd2 Bb7
9.g4 h6 10.h4 Nbd7 11.Rg1 Nb6 12.g5 Nfd7 13.O-O-O hxg5 14.hxg5 g6 15.Qf2 Qc7
16.a3 Nc5 17.Kb1 Nca4 18.Nxa4 Nxa4 19.Bd3 d5 20.exd5 Bxd5 21.Be4 Rh2 22.Rg2 Rxg2
23.Qxg2 Bxe4 24.fxe4 Rd8 25.Rd3 Bg7 26.Qh1 Nc5 27.Rd1 Qe5 28.Qh7 Kf8 29.c3 Qxe4+
30.Ka2 Rd5 31.Qh2 e5 32.Bf2 Rd8 33.Qh7 exd4 34.Bxd4 Bxd4 35.cxd4 Ke7 36.Qg7 Qe6+
37.Ka1 Nb3+ 38.Kb1 a5  0-1

[Event "EU-ch U16 Girls"]
[Site "Murek"]
[Date "1998.??.??"]
[Round "3"]
[White "Kieran, Rosalind"]
[Black "Istrati, Viorica"]
[Result "1/2-1/2"]
[WhiteElo "2050"]
[BlackElo "2145"]

1.e4 c5 2.Nf3 d6 3.d4 cxd4 4.Nxd4 Nf6 5.Nc3 a6 6.Be3 e5 7.Nb3 Be6 8.Qd2 Nbd7
9.f3 b5 10.O-O-O Nb6 11.Bxb6 Qxb6 12.g4 b4 13.Nd5 Bxd5 14.exd5 Be7 15.h4 a5
16.Qd3 O-O 17.h5 Nd7 18.Kb1 a4 19.Nd2 Nc5 20.Qe3 Qd8 21.Ne4 Nxe4 22.Qxe4 g6
23.Bd3 Kg7 24.hxg6 hxg6 25.Rh2 Qb6 26.f4 Rh8 27.Rxh8 Rxh8 28.Rf1 Qd4 29.fxe5  1/2-1/2